000 01154cam a2200229 4500
001 ABS65642
008 020625n2002 000 0 eng u
035 _a(Sirsi) u118534
100 _aArletti, C.
245 _aExperts' guide to finding the right firm for the job
260 _c2002
490 _aRegeneration and Renewal
_v24 May 2002, 19-21(2)
520 _aAdvises on the process to successfully choosing a planning consultancy for a regeneration project. Lists the key points an ideal brief should contain and stresses the importance for clients to choose the right planning consultant the first time. For information on the RTPI (Royal Town Planning Institute) directory of consultants visit www.rtpiconsultants.co.uk For advice or support from Planning Aid contact Planning Aid for London t +44 (0)20 7247 4900 or the RTPI t +44 (0) 020 7929 9494 for local branches.
590 _aABS
650 _aROYAL TOWN PLANNING INSTITUTE
650 _aPLANNING CONSULTANTS
650 _aREGENERATION PROJECTS
650 _aCLIENTS
650 _aBRIEFS
690 _aENVIRONMENTAL AND LAND CONSULTANCY-PLANNING AND DEVELOPMENT
942 _n0
999 _c70579
_d70579